Bible story coloring pages/ (Record no. 6923)
[ view plain ]
| 000 -LEADER | |
|---|---|
| fixed length control field | 00780nam a22002177a 4500 |
| 003 - CONTROL NUMBER IDENTIFIER | |
| control field | GBCCL |
| 005 - DATE AND TIME OF LATEST TRANSACTION | |
| control field | 20241126110615.0 |
| 008 - FIXED-LENGTH DATA ELEMENTS--GENERAL INFORMATION | |
| fixed length control field | 180703b ||||| |||| 00| 0 eng d |
| 020 ## - INTERNATIONAL STANDARD BOOK NUMBER | |
| International Standard Book Number | 0830718699 |
| 020 ## - INTERNATIONAL STANDARD BOOK NUMBER | |
| International Standard Book Number | 9780830718696 |
| 040 ## - CATALOGING SOURCE | |
| Transcribing agency | GBC |
| 082 ## - DEWEY DECIMAL CLASSIFICATION NUMBER | |
| Classification number | 268.432 |
| Item number | BIB |
| 245 ## - TITLE STATEMENT | |
| Title | Bible story coloring pages/ |
| Statement of responsibility, etc. | Illustrated by Chizuko Yasuda |
| 260 ## - PUBLICATION, DISTRIBUTION, ETC. | |
| Place of publication, distribution, etc. | Ventura, CA : |
| Name of publisher, distributor, etc. | Gospel Light, |
| Date of publication, distribution, etc. | ©1997. |
| 300 ## - PHYSICAL DESCRIPTION | |
| Extent | 246 pages : illustrations ; |
| Dimensions | 28 cm |
| 505 ## - FORMATTED CONTENTS NOTE | |
| Formatted contents note | Contains reproducible coloring pictures for the main stories of the Bible, from Genesis through Revelations. |
| 650 ## - SUBJECT ADDED ENTRY--TOPICAL TERM | |
| Topical term or geographic name entry element | Bible -- Juvenile literature. |
| 9 (RLIN) | 12339 |
| 650 ## - SUBJECT ADDED ENTRY--TOPICAL TERM | |
| Topical term or geographic name entry element | Creative activities and seat work. |
| 9 (RLIN) | 12340 |
| 650 ## - SUBJECT ADDED ENTRY--TOPICAL TERM | |
| Topical term or geographic name entry element | Arts in Christian education -- Juvenile literature. |
| 9 (RLIN) | 12341 |
| 942 ## - ADDED ENTRY ELEMENTS (KOHA) | |
| Source of classification or shelving scheme | Dewey Decimal Classification |
| Koha item type | Books |
| Withdrawn status | Lost status | Source of classification or shelving scheme | Damaged status | Not for loan | Home library | Current Library | Shelving location | Date acquired | Total checkouts | Full call number | Barcode | Date last seen | Copy number | Price effective from | Koha item type |
|---|---|---|---|---|---|---|---|---|---|---|---|---|---|---|---|
| Dewey Decimal Classification | GRACE BIBLE COLLEGE | GRACE BIBLE COLLEGE | Ministry & Mission | 2018-07-03 | 268.432 BIB | 007055 | 2025-05-01 | c.1 | 2018-07-03 | Books | |||||
| Dewey Decimal Classification | GRACE BIBLE COLLEGE | GRACE BIBLE COLLEGE | Ministry & Mission | 2018-07-04 | 268.432 BIB | 007113 | 2025-05-01 | c.2 | 2018-07-04 | Books | |||||
| Dewey Decimal Classification | GRACE BIBLE COLLEGE | GRACE BIBLE COLLEGE | Ministry & Mission | 2018-07-04 | 268.432 BIB | 007117 | 2025-05-01 | c.3 | 2018-07-04 | Books | |||||
| Dewey Decimal Classification | GRACE BIBLE COLLEGE | GRACE BIBLE COLLEGE | Ministry & Mission | 2018-07-04 | 268.432 BIB | 007125 | 2025-05-01 | c.4 | 2018-07-04 | Books | |||||
| Dewey Decimal Classification | GRACE BIBLE COLLEGE | GRACE BIBLE COLLEGE | Ministry & Mission | 2018-07-04 | 268.432 BIB | 007127 | 2025-05-01 | c.5 | 2018-07-04 | Books | |||||
| Dewey Decimal Classification | GRACE BIBLE COLLEGE | GRACE BIBLE COLLEGE | Ministry & Mission | 2018-07-04 | 268.432 BIB | 007128 | 2025-05-01 | c.6 | 2018-07-04 | Books | |||||
| Dewey Decimal Classification | GRACE BIBLE COLLEGE | GRACE BIBLE COLLEGE | Ministry & Mission | 2018-07-06 | 268.432 BIB | 007612 | 2025-05-01 | c.7 | 2018-07-06 | Books | |||||
| Dewey Decimal Classification | GRACE BIBLE COLLEGE | GRACE BIBLE COLLEGE | Ministry & Mission | 2018-07-06 | 268.432 BIB | 007630 | 2025-05-01 | c.8 | 2018-07-06 | Books |